000 00583nam a22001937a 4500
005 20251108164715.0
008 250721s1987 xx 000 0 ara d
082 1 4 _a811.909611/حلم
100 1 _aعبد الهادي، حلمي محمد
245 1 0 _aمع الشابي في ديوانه /
264 1 _aعمان :
_bدار الفكر للنشر و التوزيع،
_c1987.
300 _a101ص
650 1 7 _aالشعر العربي
650 1 7 _aالتاريخ الأدبي
650 1 7 _aالنقد الأدبي
650 1 7 _aتونس
942 _2ddc
_cBK
999 _c12338
_d12338